| 000 | 00667nam a22002057a 4500 | ||
|---|---|---|---|
| 003 | OSt | ||
| 005 | 20260430052928.0 | ||
| 008 | 260430b |||||||| |||| 00| 0 eng d | ||
| 020 | _a9780743287937 | ||
| 040 |
_aDWCL Main LIb. _cOC |
||
| 082 | _aProf. 303.34 C873e 2004 | ||
| 100 |
_aCovey, Stephen R. _eAuthor |
||
| 245 |
_aThe 8th habit : _bfrom effectiveness to greatness / _cStephen R. Covey |
||
| 260 |
_aNew York : _bFree Press, a division of Simon & Schester, _cc2004 |
||
| 300 |
_axvi, 210 pages : _billustrations ; _c21 cm. |
||
| 490 | _aThe Covey Habits series | ||
| 650 | _a1. Leadership. | ||
| 650 | _a2. Management skills. | ||
| 942 |
_2ddc _cBK-CIRC _n0 |
||
| 999 |
_c10125 _d10125 |
||